1560 1054 1575 1611 1951 1167 1900 1195 1290 1317 1788 1433 1069 1248 1515 1889 1165 1330 1299 1143 1294 1747 1600 1324 1610 1866 1294 1362 1891 1724 1657 1481 1557 1562 1752 1106 1015 1239 1795 1505 1204 1801 1669 1863 1773 1966 1200 1251 1258 1613 1518 1055 1572 1149 1859 1770 1025 1562 1733 1254 1012 1935 1666 1969 1999 1934 1300 1051 1284 1238 1857 1205 1579 1576 1192 1818 1049 1417 1939 1640 1968 1455 1563 1140 1708 1990 1386 1446 1963 1277 1852 1360 1849 1617 1163 1725 1830 1398 1687 BCNSPRNW ULIB Ver.6.0+V

เปลี่ยนเป็นภาษาไทย

Change to English
 แสดงรายละเอียดบรรณานุกรม
  กลับหน้าหลัก

Brief Record : Get Marc (ISO 2709) : E-mail record : QR code < ปิดหน้าต่าง
LEADER : 00000nam 2200000uu 4500
001    13399112533
003     ULIB
008    110823s2545||||th 000 0 tha d
060 04 QV55^bส691ว 2545
245 00 วิวาทะเรื่องยาพีพีเอ /^cสำนักงานคณะกรรมการอาหารและยา
260    [นนทบุรี] :^bสำนักงานคณะกรรมการอาหารและยา,^c2545
300    352 หน้า ;^c29 ซม.
500    ชื่อเรื่องที่ปก: วิวาทะเรื่อง...ยาพีพีเอ
650  7 ยาแก้ไอ
650  7 ยาแก้หวัด
650  7 ยาลดน้ำมูก
650  7 ฟีนิย์ลโปรปาโนลามีน
710 2  สำนักงานคณะกรรมการอาหารและยา
740 02 วิวาทะเรื่อง...ยาพีพีเอ
945    ^p0^l0^i10305
945    ^p0^l0^i10306
995    กัณชพร
999    ^aใช้งานได้ทุกระบบ
รายการนี้ยังไม่มีแท็ก
คุณยังไม่ได้ล็อกอิน คุณสามารถมีกิจกรรมร่วมกับเว็บไซต์ได้ แต่ต้องล็อกอินก่อน ::
  ล็อกอิน

รายการสื่อสารสนเทศ

ลำดับที่ ประเภท เลขเรียก/บาร์โค้ด สถานที่ สถานะ
- ไม่พบข้อมูล -

รายการใกล้เคียง
    หัวเรื่อง [ยาแก้ไอ]
    หัวเรื่อง [ยาแก้หวัด]
    หัวเรื่อง [ยาลดน้ำมูก]
    หัวเรื่อง [ฟีนิย์ลโปรปาโนลามีน]

BibComment


ยังไม่เคยถูกคอมเมนท์

คอมเมนท์ทรัพยากรรายการนี้
  คอมเมนท์: วิวาทะเรื่องยาพีพ..


 Copyright 2026. Bcnsprnw @Library